[Event "PRO League KO Stage 2017"]
[Site "chess.com INT"]
[Date "2017.03.01"]
[Round "1"]
[White "Sambuev, Bator"]
[Black "Gonzalez, Renier"]
[Result "1-0"]
[WhiteTitle "GM"]
[BlackTitle "GM"]
[WhiteElo "2541"]
[BlackElo "2451"]
[WhiteTeam "Toronto Dragons"]
[BlackTeam "Miami Champions"]
[WhiteFideId "4128290"]
[BlackFideId "3501841"]
[EventDate "2017.03.01"]

1. d4 Nf6 2. c4 c6 3. Nf3 d5 4. e3 a6 5. Bd3 Bg4 6. Nbd2 e6 7. b3 Nbd7 8. Bb2
Bd6 9. Qc2 Bh5 10. Ne5 Bg6 11. Nxg6 hxg6 12. O-O-O Qe7 13. Kb1 g5 14. h3 O-O-O
15. e4 dxe4 16. Nxe4 Nxe4 17. Bxe4 Kb8 18. Rhe1 Nf6 19. Bf3 Qc7 20. c5 Be7 21.
d5 Qc8 22. d6 Bf8 23. Re5 g6 24. Rxg5 Bg7 25. Be5 Rd7 26. Qb2 Qd8 27. Rg4 Rg8
28. Rb4 Ka7 29. Rb6 Bh8 30. Bxc6 bxc6 31. Rxc6 Qa8 32. Rb6 Nd5 33. Bxh8 Rxh8 34.
Rxd5 Qxd5 35. Qe2 Rb7 36. Rxa6+ Kb8 37. c6 Rb5 38. d7 Kc7 39. Qe3 1-0

[Event "PRO League KO Stage 2017"]
[Site "chess.com INT"]
[Date "2017.03.01"]
[Round "1"]
[White "Sambuev, Bator"]
[Black "Dominguez Perez, Leinier"]
[Result "1/2-1/2"]
[WhiteTitle "GM"]
[BlackTitle "GM"]
[WhiteElo "2541"]
[BlackElo "2739"]
[WhiteTeam "Toronto Dragons"]
[BlackTeam "Miami Champions"]
[WhiteFideId "4128290"]
[BlackFideId "3503240"]
[EventDate "2017.03.01"]

1. d4 Nf6 2. Nf3 g6 3. Bg5 Bg7 4. Nbd2 O-O 5. e4 d5 6. exd5 Nxd5 7. c3 c5 8.
dxc5 h6 9. Bh4 Nf4 10. Bg3 Qc7 11. Qa4 e5 12. Nb3 Nd7 13. Qa5 Qxa5 14. Nxa5 Nxc5
15. O-O-O Bg4 16. Nc4 g5 17. Ne3 Be6 18. Bc4 Nxg2 19. Bxe6 Nxe3 20. fxe3 fxe6
21. Nxe5 Ne4 22. Nc4 Rad8 23. Rxd8 Rxd8 24. Rd1 Bf6 25. Rxd8+ Bxd8 26. Be5 Kf7
27. Kc2 Kg6 28. Kd3 Kf5 29. Bb8 a6 30. Ke2 h5 31. h3 g4 32. hxg4+ Kxg4 33. Ne5+
Kf5 34. Nf3 Bf6 35. Nd4+ Bxd4 36. exd4 h4 37. c4 Kg4 38. Ke3 Ng3 39. Kf2 Ne4+
40. Ke3 Ng3 41. Kf2 Nh5 42. d5 exd5 43. cxd5 Nf6 44. d6 Kf5 45. Bc7 Ke6 46. Bd8
Ne4+ 47. Kg2 Nxd6 48. Bxh4 Kd5 49. Kf3 Nc4 50. Bf6 b5 51. b3 Nd6 52. Ke3 Ne4 53.
Bd4 Nd6 54. Kd3 Nf5 55. Bf2 Ne7 56. Kc3 Nc6 57. a4 Ke4 58. axb5 axb5 59. Bg1 Kf3
60. Bc5 Ke2 61. Bb6 Kf3 62. Kd3 Kf4 63. Bc7+ Kf5 64. Bg3 Ke6 65. Ke4 Na5 66. b4
Nc6 67. Be1 Kd6 68. Bg3+ Ke6 69. Be1 Nb8 70. Kd4 Na6 71. Bd2 Kd6 72. Be1 Kc6 73.
Ke5 Nc7 74. Bd2 Nd5 75. Kd4 Nb6 76. Be1 Kd6 77. Bg3+ Kc6 78. Be1 Nc4 79. Bg3 Na3
80. Bf4 Kb6 81. Kd5 Nc2 82. Bd6 Na3 83. Bc5+ Kb7 84. Bd6 Nc4 85. Kc5 Ka6 86. Bf4
Nb2 87. Kd4 Kb6 88. Be3 Kc6 89. Bf4 Nc4 90. Bg3 Nb6 91. Bf4 Nd5 92. Bd2 Kd6 93.
Be1 Nb6 94. Bg3+ Kc6 95. Bf4 Nc4 96. Bg3 Na3 97. Bf4 Kb6 98. Bg3 Kb7 99. Kc5 Ka6
100. Bf4 Nc4 101. Kd5 Kb6 102. Kd4 Kc6 1/2-1/2

[Event "PRO League KO Stage 2017"]
[Site "chess.com INT"]
[Date "2017.03.01"]
[Round "1"]
[White "Van der Lende, Ilias"]
[Black "Roberson, Peter T"]
[Result "1/2-1/2"]
[WhiteTitle "FM"]
[BlackTitle "IM"]
[WhiteElo "2355"]
[BlackElo "2397"]
[WhiteTeam "Amsterdam Mosquitos"]
[BlackTeam "London Towers"]
[WhiteFideId "1019260"]
[BlackFideId "412384"]
[EventDate "2017.03.01"]

1. e4 e6 2. d4 d5 3. exd5 exd5 4. Nf3 Nf6 5. c4 Bb4+ 6. Nc3 O-O 7. Be2 dxc4 8.
O-O Be6 9. Ng5 Qd7 10. Nxe6 Qxe6 11. Be3 Bxc3 12. bxc3 Nbd7 13. a4 Nb6 14. a5
Nbd5 15. Bd2 b5 16. axb6 Nxb6 17. Ra6 Rfd8 18. Bg5 Rd6 19. Bxf6 Qxf6 20. Bf3
Rad8 21. Qa1 Nc8 22. Ra4 Nb6 23. Rxa7 R6d7 24. Qa5 g6 25. Qc5 Qd6 26. Qxd6 cxd6
27. Rfa1 d5 28. Rxd7 Rxd7 29. Ra6 Rd6 30. g3 Rf6 31. Kg2 Kg7 32. h4 Nd7 33. Rxf6
Nxf6 34. g4 h6 35. g5 hxg5 36. hxg5 Nh5 37. Bxh5 gxh5 38. Kg3 Kg6 39. Kh4 f6 40.
gxf6 Kxf6 41. Kxh5 Kf5 42. Kh6 Ke4 43. Kg6 Kf3 44. Kf5 Kxf2 45. Ke5 Ke3 46. Kxd5
Kd3 47. Ke5 Kxc3 48. d5 Kb2 49. d6 c3 50. d7 c2 51. d8=Q c1=Q 52. Qb6+ Ka1 53.
Qd4+ Qb2 54. Qxb2+ Kxb2 1/2-1/2

[Event "PRO League KO Stage 2017"]
[Site "chess.com INT"]
[Date "2017.03.01"]
[Round "1"]
[White "Van der Lende, Ilias"]
[Black "Jones, Gawain C B"]
[Result "0-1"]
[WhiteTitle "FM"]
[BlackTitle "GM"]
[WhiteElo "2355"]
[BlackElo "2676"]
[WhiteTeam "Amsterdam Mosquitos"]
[BlackTeam "London Towers"]
[WhiteFideId "1019260"]
[BlackFideId "409561"]
[EventDate "2017.03.01"]

1. e4 c5 2. c3 d5 3. exd5 Qxd5 4. Nf3 Nc6 5. Na3 Bg4 6. Be2 Nf6 7. O-O e6 8. Nc2
Qd8 9. Ne3 Bh5 10. d3 Bd6 11. h3 O-O 12. Qc2 Bc7 13. Rd1 Nd5 14. d4 Nf4 15. dxc5
Qe7 16. b4 Qf6 17. Ng4 Qxc3 18. Bd3 Qxc2 19. Bxc2 Nxb4 20. Bb3 Rfd8 21. Bxf4
Bxf4 22. Rab1 Bg6 23. Rb2 Nd3 24. Rc2 h5 25. Ne3 Ne5 26. Rxd8+ Rxd8 27. Rb2 Nd3
28. Rc2 Rc8 29. Rc3 Rxc5 30. Rxc5 Nxc5 31. Nc4 Nxb3 32. axb3 Bc2 33. Nd4 Bd3 34.
Na5 e5 35. Nf3 e4 36. Nd4 e3 0-1

[Event "PRO League KO Stage 2017"]
[Site "chess.com INT"]
[Date "2017.03.01"]
[Round "1"]
[White "Carlsen, Magnus"]
[Black "Mohammad, Nubairshah Shaikh"]
[Result "1-0"]
[WhiteTitle "GM"]
[BlackTitle "IM"]
[WhiteElo "2838"]
[BlackElo "2408"]
[WhiteTeam "Norway Gnomes"]
[BlackTeam "Mumbai Movers"]
[WhiteFideId "1503014"]
[BlackFideId "5053196"]
[EventDate "2017.03.01"]

1. e4 c5 2. Nf3 e6 3. d4 cxd4 4. Nxd4 a6 5. g3 Nf6 6. Bg2 Qc7 7. O-O Nc6 8. c4
Be7 9. Nc3 O-O 10. Be3 Nxd4 11. Bxd4 e5 12. Be3 Qxc4 13. Rc1 Qe6 14. Nd5 Nxd5
15. exd5 Qg6 16. d6 Bxd6 17. Qb3 a5 18. Rfd1 Re8 19. Qb5 e4 20. Rc4 Bf8 21. a4
Ra6 22. Bxe4 Rxe4 23. Rxc8 Rd6 24. Rxd6 Qxd6 25. Qc5 Qd1+ 26. Kg2 d6 27. Qxa5 h5
28. Bg5 Re5 29. Rxf8+ Kh7 30. Qd2 Qxa4 31. Qd3+ f5 32. Rxf5 Qe4+ 33. Qxe4 Rxe4
34. Rb5 Kg6 35. Bf4 h4 36. Bxd6 Re6 37. Bc5 Re5 38. b4 hxg3 39. hxg3 Re7 40.
Bxe7 1-0

[Event "PRO League KO Stage 2017"]
[Site "chess.com INT"]
[Date "2017.03.01"]
[Round "1"]
[White "Carlsen, Magnus"]
[Black "Ghosh, Diptayan"]
[Result "1-0"]
[WhiteTitle "GM"]
[BlackTitle "GM"]
[WhiteElo "2838"]
[BlackElo "2581"]
[WhiteTeam "Norway Gnomes"]
[BlackTeam "Mumbai Movers"]
[WhiteFideId "1503014"]
[BlackFideId "5045207"]
[EventDate "2017.03.01"]

1. e4 e5 2. Nf3 Nc6 3. Bb5 a6 4. Ba4 Nf6 5. d3 d6 6. c3 Be7 7. O-O O-O 8. Re1 b5
9. Bc2 d5 10. Nbd2 d4 11. Nb3 a5 12. a4 bxa4 13. Rxa4 dxc3 14. bxc3 Nd7 15. Be3
Nb6 16. Ra1 Bd6 17. Nbd2 f5 18. Bxb6 cxb6 19. Bb3+ Kh8 20. Bd5 Qc7 21. Nc4 fxe4
22. Ng5 exd3 23. Nxh7 Rf5 24. Be4 Be7 25. Qxd3 g6 26. Ne3 Qd7 27. Qc4 Bc5 28.
Nxf5 gxf5 29. Nf6 1-0

[Event "PRO League KO Stage 2017"]
[Site "chess.com INT"]
[Date "2017.03.01"]
[Round "1"]
[White "Arnold, Marc T"]
[Black "Erenburg, Sergey"]
[Result "0-1"]
[WhiteTitle "GM"]
[BlackTitle "GM"]
[WhiteElo "2524"]
[BlackElo "2568"]
[WhiteTeam "Montclair Sopranos"]
[BlackTeam "Philadelphia Inventors"]
[WhiteFideId "2022320"]
[BlackFideId "2805642"]
[EventDate "2017.03.01"]

1. d4 d5 2. c4 e6 3. Nc3 c6 4. cxd5 exd5 5. Bf4 Bf5 6. e3 Qb6 7. Qd2 Nf6 8. Nge2
Be7 9. Ng3 Bg6 10. Be2 O-O 11. O-O Nbd7 12. a3 a5 13. Bd3 Rfe8 14. Nf5 Bf8 15.
f3 Qd8 16. g4 Nb6 17. Rae1 h6 18. Kh1 Bxf5 19. gxf5 Bd6 20. Bg3 Bxg3 21. hxg3
Qd6 22. Qf2 Rad8 23. Re2 c5 24. Nb5 Qe7 25. dxc5 Qxc5 26. Nd4 Rc8 27. g4 Nc4 28.
Rfe1 Qb6 29. Rg1 Rc7 30. b3 Ne5 31. Bb1 Rec8 32. Qg3 Nfd7 33. g5 Rc1 34. f4
Rxg1+ 35. Qxg1 hxg5 36. fxe5 Nxe5 37. Rc2 Rxc2 38. Bxc2 g4 39. Qg3 Qd6 40. Bd1
Qc7 41. Kg2 Qe7 42. Kf2 Nd3+ 43. Kg2 Qe4+ 44. Kh2 Nc5 45. Bxg4 Qd3 46. f6 Ne4
47. Qb8+ Kh7 48. Qf4 Qd2+ 49. Kh3 Nf2+ 50. Kh4 g6 51. Bf3 Nd3 52. Qg3 Qxe3 53.
Qh3 Qf4+ 54. Qg4 Qxf6+ 55. Kg3 Kg7 56. Qh4 Qe5+ 57. Kh3 Nf4+ 58. Kg3 Ne2+ 59.
Kf2 Nxd4 60. Qg4 Nxf3 61. Qxf3 Qf6 0-1

[Event "PRO League KO Stage 2017"]
[Site "chess.com INT"]
[Date "2017.03.01"]
[Round "1"]
[White "Arnold, Marc T"]
[Black "Bartell, Thomas"]
[Result "0-1"]
[WhiteTitle "GM"]
[BlackTitle "IM"]
[WhiteElo "2524"]
[BlackElo "2345"]
[WhiteTeam "Montclair Sopranos"]
[BlackTeam "Philadelphia Inventors"]
[WhiteFideId "2022320"]
[BlackFideId "2017849"]
[EventDate "2017.03.01"]

1. d4 d5 2. c4 c6 3. Nc3 Nf6 4. e3 a6 5. Nf3 Bf5 6. Nh4 Bg4 7. Qb3 Bc8 8. Bd2 e6
9. Nf3 Nbd7 10. Qc2 Bd6 11. g4 h6 12. Rg1 b5 13. g5 hxg5 14. Nxg5 Qe7 15. c5
Bxh2 16. Rh1 e5 17. O-O-O Ng4 18. Nf3 e4 19. Nxh2 Rxh2 20. Be2 Rxh1 21. Rxh1
Nxf2 22. Rh2 Nd3+ 23. Bxd3 exd3 24. Qxd3 Nf6 25. Rh8+ Kd7 26. Be1 Bb7 27. Rxa8
Bxa8 28. Bh4 Bb7 29. Qf5+ Qe6 30. Qg5 Qg4 31. Qxg4+ Nxg4 32. e4 f6 33. b4 Ke6
34. a4 bxa4 35. exd5+ cxd5 36. Nxa4 Bc6 37. Nc3 g5 38. Bg3 f5 39. Kd2 f4 40. Be1
Nf6 41. Nd1 Ne4+ 42. Ke2 Bb5+ 43. Kf3 Kf5 44. Nf2 g4+ 45. Kg2 f3+ 46. Kg1 Ng5
47. Nh1 Ne6 48. Kf2 Nxd4 49. Ng3+ Ke6 50. Bd2 Nc6 51. Ke3 Ke5 52. Kf2 d4 53. Nh5
Kd5 54. Kg3 Be2 55. Nf4+ Kc4 56. Be1 Bd1 57. Bf2 Nxb4 58. Kxg4 Kxc5 59. Ne6+ Kc4
60. Nxd4 Nd3 61. Kg3 Nxf2 62. Nf5 Ne4+ 63. Kh2 Kd3 0-1

[Event "PRO League KO Stage 2017"]
[Site "chess.com INT"]
[Date "2017.03.01"]
[Round "1"]
[White "Harvey, Marcus R"]
[Black "Perez, Flavio"]
[Result "1-0"]
[WhiteTitle "FM"]
[WhiteElo "2275"]
[BlackElo "2303"]
[WhiteTeam "London Lions"]
[BlackTeam "Cannes Blockbusters"]
[WhiteFideId "400092"]
[BlackFideId "623911"]
[EventDate "2017.03.01"]

1. Nf3 g6 2. d4 Bg7 3. e3 d6 4. Be2 Nd7 5. O-O e5 6. b3 Ne7 7. Bb2 O-O 8. Nbd2
exd4 9. Bxd4 d5 10. Bxg7 Kxg7 11. Qc1 Nc6 12. Rd1 Nf6 13. Qb2 Re8 14. h3 Qe7 15.
Nf1 Ne5 16. Ng3 c6 17. Rd4 Nxf3+ 18. Bxf3 Qe5 19. c3 h5 20. Rad1 Kh7 21. b4 Qg5
22. h4 Qe5 23. Rf4 Kg8 24. Qd2 Bg4 25. Bxg4 Nxg4 26. Ne2 Qe7 27. g3 Rad8 28. Nd4
Ne5 29. Nf3 Nxf3+ 30. Rxf3 b5 31. Qd4 Rd7 32. a4 a6 33. Ra1 Qe4 34. Rf6 Qxd4 35.
cxd4 Re6 36. Rxe6 fxe6 37. axb5 axb5 38. Ra6 Rc7 39. Kg2 Kf7 40. Kf3 Kf6 41. Kf4
Rc8 42. f3 Rc7 43. e4 dxe4 44. fxe4 Rd7 45. Ke3 Rc7 46. Ra8 Kg7 47. Re8 Ra7 48.
Rxe6 Ra4 49. Rxc6 Rxb4 50. d5 Rb3+ 51. Kf4 Rd3 52. Rb6 Rb3 53. Rb7+ Kf8 54. d6
Ke8 55. e5 Rb4+ 56. Kg5 Re4 1-0

[Event "PRO League KO Stage 2017"]
[Site "chess.com INT"]
[Date "2017.03.01"]
[Round "1"]
[White "Harvey, Marcus R"]
[Black "Cornette, Matthieu"]
[Result "1/2-1/2"]
[WhiteTitle "FM"]
[BlackTitle "GM"]
[WhiteElo "2275"]
[BlackElo "2585"]
[WhiteTeam "London Lions"]
[BlackTeam "Cannes Blockbusters"]
[WhiteFideId "400092"]
[BlackFideId "620084"]
[EventDate "2017.03.01"]

1. Nf3 Nf6 2. b3 g6 3. Bb2 Bg7 4. e3 O-O 5. Be2 d6 6. d4 c5 7. dxc5 Qa5+ 8. Nbd2
Qxc5 9. O-O b6 10. Bxf6 exf6 11. Nd4 Bb7 12. Bf3 d5 13. c4 Nd7 14. Rc1 Ne5 15.
Bxd5 Bxd5 16. cxd5 Qxd5 17. Nc4 Nxc4 18. Rxc4 Rfd8 19. Qf3 f5 20. Rfc1 Bf6 21.
Kf1 Kg7 22. a4 Rd7 23. Rc7 Qxf3 24. Nxf3 Rd3 25. Rb7 Rxb3 26. Rcc7 Rb1+ 27. Ke2
Rb2+ 28. Kf1 Rb1+ 29. Ke2 Rb2+ 30. Kf1 Rb1+ 31. Ke2 Rb2+ 32. Kf1 1/2-1/2

[Event "PRO League KO Stage 2017"]
[Site "chess.com INT"]
[Date "2017.03.01"]
[Round "1"]
[White "Brown, Michael William"]
[Black "Ruiz Castillo, Joshua Daniel"]
[Result "1-0"]
[WhiteTitle "IM"]
[BlackTitle "IM"]
[WhiteElo "2478"]
[BlackElo "2343"]
[WhiteTeam "San Diego Surfers"]
[BlackTeam "Rio Grande Ospreys"]
[WhiteFideId "2037602"]
[BlackFideId "4400704"]
[EventDate "2017.03.01"]

1. d4 Nf6 2. c4 e6 3. Nc3 Bb4 4. Qc2 O-O 5. a3 Bxc3+ 6. Qxc3 b6 7. Bg5 Bb7 8. e3
d6 9. Ne2 h6 10. Bh4 g5 11. Bg3 Ne4 12. Qc2 Nd7 13. f3 Nxg3 14. hxg3 Kg7 15. g4
Nf6 16. Ng3 c5 17. dxc5 bxc5 18. Qc3 e5 19. Nf5+ Kg8 20. Nxh6+ Kg7 21. Nf5+ Kg8
22. Rd1 Ne8 23. Nxd6 Nxd6 24. Qxe5 f6 25. Qe6+ Rf7 26. Rxd6 Qe8 27. Qxe8+ Rxe8
28. Kf2 Kf8 29. Rh8+ Ke7 30. Rxe8+ Kxd6 31. b4 Bc6 32. Rd8+ Kc7 33. Rd2 Kb6 34.
Be2 cxb4 35. axb4 Rf8 36. c5+ Kc7 37. b5 Bd7 38. Ra2 Kb8 39. Bc4 f5 40. c6 Bc8
41. gxf5 Rxf5 42. e4 Rc5 43. Bd3 a6 44. bxa6 Ka7 45. Rc2 Rxc2+ 46. Bxc2 Kxa6 47.
e5 Kb6 48. Be4 Kc5 49. Ke3 Be6 50. g3 Bc8 51. f4 gxf4+ 52. gxf4 Be6 53. f5 Bc8
54. f6 Be6 1-0

[Event "PRO League KO Stage 2017"]
[Site "chess.com INT"]
[Date "2017.03.01"]
[Round "1"]
[White "Brown, Michael William"]
[Black "Belous, Vladimir"]
[Result "0-1"]
[WhiteTitle "IM"]
[BlackTitle "GM"]
[WhiteElo "2478"]
[BlackElo "2581"]
[WhiteTeam "San Diego Surfers"]
[BlackTeam "Rio Grande Ospreys"]
[WhiteFideId "2037602"]
[BlackFideId "4174003"]
[EventDate "2017.03.01"]

1. d4 Nf6 2. c4 g6 3. Nc3 Bg7 4. e4 O-O 5. Nf3 d6 6. Be2 Na6 7. Be3 e5 8. d5 Nc5
9. Nd2 a5 10. a3 a4 11. Bxc5 dxc5 12. Nxa4 b6 13. Nc3 h5 14. b4 Qe7 15. bxc5
Qxc5 16. Nb3 Qe7 17. O-O Bh6 18. Qc2 h4 19. Nb5 Nh5 20. Rfd1 Nf4 21. Bf1 Qg5 22.
f3 Qe7 23. c5 bxc5 24. Qxc5 Qg5 25. Ra2 Bd7 26. Nxc7 Rab8 27. Na5 Rfc8 28. Nc6
Bxc6 29. Qxc6 Nh3+ 30. Kh1 Qe3 31. Bc4 Nf2+ 32. Rxf2 Qxf2 33. Rf1 Rb1 34. Rxb1
h3 0-1

[Event "PRO League KO Stage 2017"]
[Site "chess.com INT"]
[Date "2017.03.01"]
[Round "1"]
[White "Gorozhanin, Mikhail"]
[Black "Neiksans, Arturs"]
[Result "1/2-1/2"]
[WhiteTitle "FM"]
[BlackTitle "GM"]
[WhiteElo "2419"]
[BlackElo "2613"]
[WhiteTeam "Gorky Stormbringers"]
[BlackTeam "Riga Magicians"]
[WhiteFideId "4178262"]
[BlackFideId "11601388"]
[EventDate "2017.03.01"]

1. d4 Nf6 2. Bf4 d6 3. e3 g6 4. Nf3 Bg7 5. h3 O-O 6. Be2 b6 7. O-O Bb7 8. c3 c5
9. a4 cxd4 10. exd4 Nd5 11. Bh2 Nd7 12. Nbd2 a6 13. Re1 N7f6 14. Qb3 Qc7 15. c4
Rfc8 16. Bd3 Bh6 17. cxd5 Bxd5 18. Qd1 Qb7 19. Bf1 Rc7 20. b3 Rac8 21. Bc4 b5
22. axb5 axb5 23. Bxd5 Nxd5 24. Ne4 Nb4 25. Bxd6 Rc1 26. Rxc1 Rxc1 27. Qxc1 Bxc1
28. Bxb4 Bh6 29. Nc5 Qa7 30. g3 Bg7 31. Kg2 h6 32. d5 Qa8 33. Rd1 Qa2 34. Rd3
Qa8 35. Ne4 Qb7 36. Nc5 Qa8 37. Ne4 Qb7 38. Nc5 Qa8 39. Ne4 Qb7 40. Nc5 1/2-1/2

[Event "PRO League KO Stage 2017"]
[Site "chess.com INT"]
[Date "2017.03.01"]
[Round "1"]
[White "Gorozhanin, Mikhail"]
[Black "Klimakovs, Sergejs"]
[Result "1-0"]
[WhiteTitle "FM"]
[BlackTitle "FM"]
[WhiteElo "2419"]
[BlackElo "2300"]
[WhiteTeam "Gorky Stormbringers"]
[BlackTeam "Riga Magicians"]
[WhiteFideId "4178262"]
[BlackFideId "11602066"]
[EventDate "2017.03.01"]

1. d4 Nf6 2. Bf4 c5 3. e3 d5 4. c3 Nc6 5. Nd2 Qb6 6. Qb3 c4 7. Qc2 g6 8. e4 Nxe4
9. Nxe4 dxe4 10. Bxc4 Bf5 11. Qb3 Qxb3 12. axb3 Bg7 13. Be3 O-O 14. b4 a6 15. h3
h5 16. Ne2 Rfc8 17. Bb3 b5 18. O-O a5 19. Bd5 a4 20. Ng3 h4 21. Nxe4 e6 22. Bxc6
Rxc6 23. Nc5 Bf8 24. Rfd1 Be7 25. Rd2 Rd8 26. Rad1 Rd5 27. Nd3 g5 28. Nc5 f6 29.
f3 Kf7 30. Ne4 Rc8 31. Nc5 Ra8 32. Ra1 Bxc5 33. bxc5 Rdd8 34. Bf2 Rab8 35. Kf1
Rbc8 36. Ke2 Rd5 37. Be3 Rcd8 38. Kf2 Ke7 39. f4 gxf4 40. Bxf4 Rg8 41. Re1 Kd7
42. Kf3 Kc6 43. Rde2 Kd7 44. Rd2 Kc6 45. Kf2 Rd7 46. Kf1 Kd5 47. Re3 Rdg7 48.
Bh2 Be4 49. Ree2 f5 50. Be5 Rg6 51. Rf2 Kc4 52. Kg1 Ra8 53. d5 Bxd5 54. Bd6 a3
55. Rd4+ Kb3 56. Rb4+ Ka2 57. bxa3+ Kxa3 58. c6 1-0

[Event "PRO League KO Stage 2017"]
[Site "chess.com INT"]
[Date "2017.03.01"]
[Round "1"]
[White "Mithil, Ajgaonkar"]
[Black "Kaasen, Tor Fredrik"]
[Result "0-1"]
[BlackTitle "FM"]
[WhiteElo "2203"]
[BlackElo "2442"]
[WhiteTeam "Mumbai Movers"]
[BlackTeam "Norway Gnomes"]
[WhiteFideId "5017343"]
[BlackFideId "1516647"]
[EventDate "2017.03.01"]

1. d4 Nf6 2. Nf3 g6 3. g3 Bg7 4. Bg2 O-O 5. O-O c6 6. c3 d6 7. Nbd2 Bf5 8. Nh4
Bc8 9. e4 e5 10. Qc2 Na6 11. Nhf3 Qe7 12. Nc4 exd4 13. Nxd4 Nc5 14. Bf4 Nfxe4
15. Rfe1 d5 16. Bd6 Qd8 17. Bxf8 Qxf8 18. Nd2 Nxd2 19. Qxd2 Bd7 20. Nb3 Qd6 21.
Nxc5 Qxc5 22. Qe3 d4 23. Qe7 Qxe7 24. Rxe7 Rd8 25. cxd4 Bxd4 26. Rd1 Kf8 27.
Ree1 Bxb2 28. Bh3 f5 29. Rb1 Bc3 30. Rec1 Bd2 31. Rd1 Bc8 32. Rb2 Ba5 33. Rxd8+
Bxd8 34. Bg2 Bf6 35. Rc2 Be6 36. Bf1 Bd4 37. Bc4 Bxc4 38. Rxc4 c5 39. a4 Ke7 40.
Kf1 Kd6 41. Ke2 b6 42. f3 a6 43. Rc1 b5 44. axb5 axb5 45. Kd3 Kd5 46. Re1 c4+
47. Kd2 Bc5 48. Re8 b4 49. Rd8+ Kc6 50. Kc2 Bg1 51. Rc8+ Kd5 52. Rd8+ Ke5 53.
Re8+ Kd4 54. Rd8+ Ke3 55. Rb8 Kxf3 56. Rxb4 Bxh2 57. Rb7 Bxg3 58. Rxh7 Be5 59.
Re7 Kf4 60. Ra7 c3 61. Kd3 g5 62. Ra4+ Kf3 63. Ra5 Kf4 64. Ra4+ Kg3 65. Ra5 c2
66. Kxc2 Kf4 67. Kd3 g4 68. Ke2 Ke4 69. Ra4+ Bd4 70. Ra8 f4 71. Re8+ Be5 72. Ra8
f3+ 73. Kf1 g3 74. Ra2 Bd4 75. Rc2 Kf4 76. Ra2 Kg4 77. Rd2 Be3 78. Rf2 Bf4 79.
Ra2 Kh3 80. Ra3 g2+ 81. Kf2 Bg3+ 82. Kxf3 g1=Q 83. Ra2 Qf1+ 84. Ke4 Qf4+ 85. Kd3
Qf5+ 86. Kc3 Qc5+ 87. Kb3 Qd5+ 88. Kb2 Be5+ 89. Ka3 Bc3 90. Rc2 Qa5+ 91. Kb3
Qb4+ 92. Ka2 Qa4+ 93. Kb1 Qb3+ 94. Kc1 Kg3 95. Rg2+ Kf3 96. Rg3+ Ke4 97. Re3+
Kd4 98. Re4+ Kc5 99. Re2 Qa3+ 100. Kc2 Bd4 101. Rd2 Kc4 102. Kd1 Qf3+ 103. Kc2
Bc3 104. Rh2 Qe4+ 105. Kd1 Qf3+ 106. Kc1 Qf1+ 107. Kc2 Qf5+ 108. Kc1 Qf4+ 109.
Kd1 Qxh2 0-1

[Event "PRO League KO Stage 2017"]
[Site "chess.com INT"]
[Date "2017.03.01"]
[Round "1"]
[White "Edouard, Romain"]
[Black "Daulyte, Deimante"]
[Result "1/2-1/2"]
[WhiteTitle "GM"]
[BlackTitle "IM"]
[WhiteElo "2626"]
[BlackElo "2440"]
[WhiteTeam "London Lions"]
[BlackTeam "Cannes Blockbusters"]
[WhiteFideId "633429"]
[BlackFideId "12802859"]
[EventDate "2017.03.01"]

1. d4 Nf6 2. c4 e6 3. Nc3 Bb4 4. Nf3 d5 5. e3 O-O 6. Bd3 dxc4 7. Bxc4 c5 8. O-O
Nc6 9. a3 Ba5 10. Qd3 a6 11. Rd1 b5 12. Ba2 Bb7 13. dxc5 Bxc3 14. bxc3 Qxd3 15.
Rxd3 Rfd8 16. Rxd8+ Rxd8 17. Kf1 Ne4 18. Bb2 Nxc5 19. c4 b4 20. Bd4 Ne4 21. axb4
Nxb4 22. Bb1 Rc8 23. Ne5 Nd2+ 24. Ke2 Nxc4 25. Ra4 a5 26. Nxc4 Rxc4 27. Rxa5 Nc6
28. Ra3 Nxd4+ 29. exd4 Rxd4 30. Rb3 Ba6+ 31. Ke3 Rd8 32. f3 g6 33. Ba2 Kg7 34.
Ra3 Bb5 35. g4 h6 36. h4 Kf6 37. f4 Bc6 38. Ra5 Bd5 39. g5+ hxg5 40. hxg5+ Ke7
41. Bxd5 Rxd5 42. Ra7+ Rd7 43. Ra6 f6 44. Ke4 Rb7 45. gxf6+ Kxf6 46. Ra8 Rb4+
47. Kf3 Rb7 48. Kg4 Rc7 49. Rf8+ Rf7 50. Ra8 1/2-1/2

[Event "PRO League KO Stage 2017"]
[Site "chess.com INT"]
[Date "2017.03.01"]
[Round "1"]
[White "Edouard, Romain"]
[Black "Kazhgaleyev, Murtas"]
[Result "0-1"]
[WhiteTitle "GM"]
[BlackTitle "GM"]
[WhiteElo "2626"]
[BlackElo "2594"]
[WhiteTeam "London Lions"]
[BlackTeam "Cannes Blockbusters"]
[WhiteFideId "633429"]
[BlackFideId "13700316"]
[EventDate "2017.03.01"]

1. d4 d5 2. c4 c6 3. Nf3 Nf6 4. Nc3 a6 5. c5 Bf5 6. h3 Nbd7 7. Bf4 e6 8. e3 Be7
9. Bd3 Bg6 10. O-O O-O 11. b4 b6 12. Bxg6 hxg6 13. Qa4 Qc8 14. a3 a5 15. Qb3 Qb7
16. Rab1 axb4 17. axb4 Ra7 18. Rfc1 Rfa8 19. Qc2 Bd8 20. Ne1 b5 21. Nd3 Bc7 22.
f3 Qb8 23. Bxc7 Qxc7 24. e4 dxe4 25. fxe4 Ra3 26. Rf1 Qg3 27. Rf3 Qh4 28. Rf4
Qh5 29. Rf3 g5 30. e5 g4 31. hxg4 Nxg4 32. Rh3 Qf5 33. Rf3 Qh7 34. Rh3 Qg6 35.
Qc1 Nf8 36. Rg3 Rd8 37. d5 exd5 38. Nf2 Rxc3 39. Rxc3 Nxe5 40. Rbb3 Ne6 41. Rg3
Qf5 42. Nd3 Nd4 43. Qe3 Nxd3 44. Rxd3 Ne6 45. Qf3 Qe5 46. Qe3 Qf5 47. Qf3 Nf4
48. Rd1 Re8 49. Rf1 Re4 50. Kh2 Qe5 51. Kh1 f6 52. Rg4 g5 53. g3 Re3 54. gxf4
Rxf3 55. fxe5 Rxf1+ 56. Kg2 Rf4 57. Rg3 Kf7 58. exf6 Rxb4 59. Rxg5 Rc4 0-1

[Event "PRO League KO Stage 2017"]
[Site "chess.com INT"]
[Date "2017.03.01"]
[Round "1"]
[White "Kazhgaleyev, Murtas"]
[Black "Harvey, Marcus R"]
[Result "1-0"]
[WhiteTitle "GM"]
[BlackTitle "FM"]
[WhiteElo "2594"]
[BlackElo "2275"]
[WhiteTeam "Cannes Blockbusters"]
[BlackTeam "London Lions"]
[WhiteFideId "13700316"]
[BlackFideId "400092"]
[EventDate "2017.03.01"]

1. d4 e6 2. c4 f5 3. Nc3 Nf6 4. a3 Be7 5. Bf4 O-O 6. e3 d6 7. h3 Nbd7 8. Nf3 Ne4
9. Qc2 Nxc3 10. Qxc3 Bf6 11. Bh2 e5 12. dxe5 dxe5 13. c5 Qe7 14. c6 bxc6 15.
Qxc6 Rb8 16. Qxc7 Kh8 17. Rd1 Rxb2 18. Bc4 Nb6 19. Qxe7 Bxe7 20. Be2 Bxa3 21.
Bxe5 Bb4+ 22. Kf1 Rxe2 23. Kxe2 Ba6+ 24. Rd3 Bxd3+ 25. Kxd3 a5 26. Rc1 Nd5 27.
Nd4 Kg8 28. f4 g6 29. g4 fxg4 30. hxg4 Re8 31. e4 Ne7 32. Rc7 Rc8 33. Kc4 Kf7
34. Rxc8 Nxc8 35. Nc6 Ne7 36. Nxb4 axb4 37. g5 Ke6 38. Bd4 Ng8 39. Bg7 Kf7 40.
Bd4 h5 41. Kxb4 h4 42. Kc4 h3 43. Bg1 Ne7 44. Kd3 Ke6 45. Ke3 Nc8 46. Bh2 Nd6
47. Kf3 Kf7 48. f5 Nc4 49. Bf4 Nb2 50. Kg4 Nd3 51. Bg3 Nf2+ 52. Kf3 Nd3 53. Bh2
Nc5 54. Bg1 Nd3 55. Kg3 h2 56. Bxh2 Nc5 57. Kf3 Nd3 58. Bg3 Nc5 59. Ke3 Nd7 60.
Kd4 Nf8 61. Bf4 Nd7 62. Be3 Nb6 63. Bf2 Nd7 64. Kd5 Nb8 65. Bg3 Nd7 66. Bd6 Nb6+
67. Kd4 Nd7 68. Bb4 Nb6 69. Bc5 Nd7 70. Kd5 Nb8 71. e5 gxf5 72. e6+ Ke8 73. g6
Nd7 1-0